000
00284nam a2200109Ia 4500
008
190216s9999||||xx |||||||||||||| ||und||
100
_a
"Banerjee, Nair R.K & 
 Agarwal"
245
0
_a
Production And Operations Management
260
_b
Null
_c
2002
300
_a
369p
942
_c
BK
999
_c
6152
_d
6152